Shankara mokashi punekarara samasta sahitya-4: Kadambari trivali (Natanarayani, gangavva gangamayi, avadheshvari) (Record no. 149695)
[ view plain ]
| 000 -LEADER | |
|---|---|
| fixed length control field | 00903nam a2200205Ia 4500 |
| 003 - CONTROL NUMBER IDENTIFIER | |
| control field | OSt |
| 005 - DATE AND TIME OF LATEST TRANSACTION | |
| control field | 20240318123736.0 |
| 008 - FIXED-LENGTH DATA ELEMENTS--GENERAL INFORMATION | |
| fixed length control field | 210210b2012 xxu||||| |||| 00| 0 eng d |
| 020 ## - INTERNATIONAL STANDARD BOOK NUMBER | |
| International Standard Book Number | 9789381055373 |
| 040 ## - CATALOGING SOURCE | |
| Transcribing agency | AL |
| 041 ## - LANGUAGE CODE | |
| Language code of text/sound track or separate title | Kannada |
| 082 ## - DEWEY DECIMAL CLASSIFICATION NUMBER | |
| Classification number | K894.8 SHAS |
| 100 ## - MAIN ENTRY--PERSONAL NAME | |
| Personal name | SHANKARA MOKASHI PUNEKARA |
| Dates associated with a name | ಶಂಕರ ಮೊಕಾಶಿ ಪುಣೇಕರ |
| 9 (RLIN) | 155152 |
| 245 ## - TITLE STATEMENT | |
| Title | Shankara mokashi punekarara samasta sahitya-4: Kadambari trivali (Natanarayani, gangavva gangamayi, avadheshvari) |
| Remainder of title | ಶಂಕರ ಮೊಕಾಶಿ ಪುಣೇಕರರ ಸಮಸ್ತ ಸಾಹಿತ್ಯ ೪ : ಕಾದಂಬರಿ ತ್ರಿವಳಿ (ನಟನಾರಾಯಣಿ, ಗಂಗವ್ವ ಗಂಗಾಮಯಿ, ಅವಧೇಶ್ವರಿ) |
| 260 ## - PUBLICATION, DISTRIBUTION, ETC. | |
| Place of publication, distribution, etc. | BengaLUru |
| Name of publisher, distributor, etc. | Abhinava Prakashana |
| Date of publication, distribution, etc. | 2012 |
| 300 ## - PHYSICAL DESCRIPTION | |
| Extent | x,635 |
| 690 ## - LOCAL SUBJECT ADDED ENTRY--TOPICAL TERM (OCLC, RLIN) | |
| Topical term or geographic name as entry element | Kannada Collections |
| 9 (RLIN) | 155153 |
| 906 ## - LOCAL DATA ELEMENT F, LDF (RLIN) | |
| a | 067325 |
| 942 ## - ADDED ENTRY ELEMENTS (KOHA) | |
| Source of classification or shelving scheme | Dewey Decimal Classification |
| Koha item type | Book |
| Withdrawn status | Lost status | Damaged status | Not for loan | Collection code | Home library | Current library | Shelving location | Date acquired | Source of acquisition | Cost, normal purchase price | Total Checkouts | Full call number | Barcode | Date last seen | Price effective from | Koha item type |
|---|---|---|---|---|---|---|---|---|---|---|---|---|---|---|---|---|
| St Aloysius Library | St Aloysius Library | 02/17/2021 | Navasiri Prakashana, Mangalore | 400.00 | K894.8 SHAS | 067325 | 02/17/2021 | 02/17/2021 | Book |